书目信息 |
| 题名: |
伦敦女生的房间
|
|
| 作者: | ;刘然熙 译 ;日本Editionsde Paris出版社 , 日本Editionsde Paris出版社 编著 | |
| 分册: | ||
| 出版信息: | 济南 山东人民出版社 2011.01 |
|
| 页数: | 107页 | |
| 开本: | 21cm | |
| 丛书名: | ||
| 单 册: | ||
| 中图分类: | TU241-64 | |
| 科图分类: | ||
| 主题词: | 住宅--Zhu Zhai--室内设计--图集 | |
| 电子资源: | ||
| ISBN: | 978-7-209-05568-0 | |
| 000 | 01088nam0 2200301 450 | |
| 001 | 000000004550 | |
| 005 | 20110723134354.57 | |
| 010 | @a978-7-209-05568-0@dCNY35.00 | |
| 100 | @a20110412d2011 em y0chiy50 ea | |
| 101 | 1 | @achi@ceng |
| 102 | @aCN@b370000 | |
| 105 | @aa z 000yy | |
| 106 | @ar | |
| 200 | 1 | @a伦敦女生的房间@ALun Dun Nv Sheng De Fang Jian@d= A girly interior in london@f日本Editionsde Paris出版社@Fri ben Editionsde Paris chu ban she@zeng |
| 210 | @a济南@c山东人民出版社@d2011.01 | |
| 215 | @a107页@c彩图@d21cm | |
| 314 | @a责任者取自版权页 | |
| 330 | @a本书介绍了伦敦女性创意家的家居设计,目标读者为喜欢创意设计的年轻读者。 | |
| 333 | @a喜欢创意设计的年轻读者 | |
| 510 | 1 | @aA girly interior in london@zeng |
| 586 | @a | |
| 606 | 0 | @a住宅@AZhu Zhai@x室内设计@j图集 |
| 690 | @aTU241-64@v5 | |
| 702 | 0 | @a刘然熙@ALiu Ran Xi@4译 |
| 711 | 02 | @a日本Editionsde Paris出版社@ARi Ben Editionsde Paris Chu Ban She@4编著 |
| 711 | 02 | @a日本Editionsde Paris出版社@Ari ben Editionsde Paris chu ban she |
| 801 | 0 | @aCN@c20110610 |
| 905 | @dTU241-64@eR610@f5 | |
| 伦敦女生的房间= A girly interior in london/日本Editionsde Paris出版社.-济南:山东人民出版社,2011.01 |
| 107页:彩图;21cm |
| 使用对象:喜欢创意设计的年轻读者 |
| ISBN 978-7-209-05568-0:CNY35.00 |
| 本书介绍了伦敦女性创意家的家居设计,目标读者为喜欢创意设计的年轻读者。 |
| ● |
| 相关链接 |
|
|
|
正题名:伦敦女生的房间
索取号:TU241-64/R610
 
预约/预借
| 序号 | 登录号 | 条形码 | 馆藏地/架位号 | 状态 | 备注 |
| 1 | 886328 | 208863283 | 建筑库101/101建筑库 61排5列3层/ [索取号:TU241-64/R610] | 在馆 | |
| 2 | 886329 | 208863292 | 建筑与城市规划学院资料室/101建筑库 33排2列5层/ [索取号:TU241-64/R610] | 在馆 | |
| 3 | 886330 | 208863309 | 建筑库101/101建筑库 61排5列3层/ [索取号:TU241-64/R610] | 在馆 | |
| 4 | 886331 | 208863318 | 建筑与城市规划学院资料室/101建筑库 33排2列5层/ [索取号:TU241-64/R610] | 在馆 | |
| 5 | 886332 | 208863327 | 建筑与城市规划学院资料室/101建筑库 33排2列5层/ [索取号:TU241-64/R610] | 在馆 |